ARRUPE JESUIT UNIVERSITY

CORONAVIRUS -STOP THE SPREAD - CLEAN,DISINFECT,COVER

The Cultural identity of Cameroon (Record no. 125723)

MARC details
000 -LEADER
fixed length control field 00615nam a22001457a 4500
008 - FIXED-LENGTH DATA ELEMENTS--GENERAL INFORMATION
fixed length control field 161115b xxu||||| |||| 00| 0 eng d
050 ## - LIBRARY OF CONGRESS CALL NUMBER
Classification number DT569.5.C968
100 ## - MAIN ENTRY--PERSONAL NAME
Personal name Collquium of the second national cultural week
9 (RLIN) 27436
245 ## - TITLE STATEMENT
Title The Cultural identity of Cameroon
Statement of responsibility, etc /Collquium of the second national cultural week & Nguma,Pie Claude ['et al'] '
260 ## - PUBLICATION, DISTRIBUTION, ETC. (IMPRINT)
Place of publication, distribution, etc Cameroon
Name of publisher, distributor, etc Ministry of Information and Culture Department of Cultural Affairs
Date of publication, distribution, etc 1985
300 ## - PHYSICAL DESCRIPTION
Extent 519p.;
Dimensions 22cm.
650 ## - SUBJECT ADDED ENTRY--TOPICAL TERM
Topical term or geographic name as entry element Cameroon
General subdivision Social life and customs
9 (RLIN) 27437
710 ## - ADDED ENTRY--CORPORATE NAME
Corporate name or jurisdiction name as entry element Nguma Pie Claude ['et al']
Relator term jt.au.
9 (RLIN) 27438
942 ## - ADDED ENTRY ELEMENTS (KOHA)
Source of classification or shelving scheme Library of Congress Classification
Item type Monograph ( Printed materials)
Holdings
Withdrawn status Lost status Source of classification or shelving scheme Damaged status Not for loan Collection code Home library Current library Shelving location Date acquired Total Checkouts Full call number Barcode Date last seen Price effective from Koha item type
    Library of Congress Classification     Main Collection ARRUPE LIBRARY ARRUPE LIBRARY Main Collection 15/11/2016   DT569.5.C968 46500009859 07/12/2017 15/11/2016 Monograph ( Printed materials)

 

Arrupe Library. PO Box MP320 Mt Pleasant, Harare, Zimbabwe
263 242 745411|librarian@aju.ac.zw